Олена Пчілка і родина Косачів в історії інтелектуальної еліти України та Волині (Запис № 351118)
[ простий вигляд ]
| 000 -Лідер | |
|---|---|
| fixed length control field | 02236nam a22002417a 4500 |
| 001 - Контрольний номер | |
| control field | 65012 |
| 003 - Ідентифікатор контрольного номера | |
| control field | UA-OsUOA |
| 005 - Дата та час останнього входження (трансакції) | |
| control field | 20220525160744.0 |
| 007 - Фіксоване поле фізичного опису | |
| fixed length control field | ta |
| 008 - Елементи даних фіксованої довжини – загальна інформація | |
| fixed length control field | 20091112b un ||||| |||| 00| 0 ukr d |
| 040 ## - Джерело каталогізації | |
| Агенція оригінальної каталогізації | UA-OsUOA |
| Мова каталогізації | ukr |
| Агенція, яка здійснювала перезапис | UA-OsUOA |
| Агенція, яка здійснювала модифікацію | UA-OsUOA |
| 041 ## - Код мови | |
| Код мови тексту/ звукової доріжки чи окремого заголовка (П) | ukr |
| 080 ## - Індекс Універсальної десяткової класифікації | |
| Індекс Універсальної десяткової класифікації (УДК) (НП) | 94:82.09(477.82) |
| 090 ## - Локальний шифр розміщення | |
| Класифікаційний індекс УДК | 94:82.09(477.82) |
| Авторський знак (НП) | О-53 |
| 245 ## - Відомості про назву | |
| Назва (НП) | Олена Пчілка і родина Косачів в історії інтелектуальної еліти України та Волині |
| Решта назви (НП) | науковий збірник |
| Назва частини/ розділу роботи | Минуле і сучасне Волині та Полісся |
| Номер частини/ розділу роботи (П) | Вип. 33 |
| 260 ## - Публікація, розповсюдження і т.п. (Вихідні дані) | |
| Місце публікації, розповсюдження і т.п. (П) | Луцьк |
| Дата публікації, розповсюдження і т.п. (П) | 2009 |
| 300 ## - Фізичний опис | |
| Обсяг | 290 с. |
| 520 3# - Резюме і т.п. | |
| Резюме, реферат, анотація, тощо (НП) | У науковому збірнику опубліковані доповіді і повідомлення науковців, краєзнавців, архівних, музейних та освітніх працівників з питань дослідження життя та діяльності відомої української письменниці, вченого, етнографа та громадського діяча Олени Пчілки (Ольги Петрівни Косач, 1849 - 1930), виголошені на Всеукраїнській історико-краєзнавчій науковій конференції в м. Луцьку та с. Колодяжному 30 червня - 1 липня 2009 року з нагоди 160-річчя від дня її народження і 60-річчя з часу створення Колодяжненського літературно-меморіального музею Лесі Українки. Окремий розділ присвячений дослідженням життя і творчості Лесі Українки та родини Косачів. В додатку подано ряд матеріалів І та ІІ обласних краєзнавчих літературно-педагогічних читань (2004, 2006 рр.). |
| 650 #7 - Додаткове предметне введення – тематичний термін | |
| Тематичний термін чи географічна назва, як елемент введення (НП) | 9 Географія. Біографії. Історія |
| Джерело заголовка чи терміна | UDC |
| 942 ## - Додаткові елементи входу (Коха) | |
| Тип елемента Koha | Книги |
| Source of classification or shelving scheme | Universal Decimal Classification |
| 955 ## - Код типу видання за змістом | |
| Код типу видання за змістом (НП) | Наукові видання |
| Стан вилучень | Стан втрат | Джерело класифікації або схеми стелажів | Стан уражень | Не для кредиту | Код колекції | Постійне місце розташування | Поточне розміщення | Дата придбання | Джерело придбання | Вартість, звичайна ціна покупки | Інвентарний номер | Усього замовленно | Повний номер виклику | Штрих-код | Дата останнього перегляду | Ціна ефективна від | Тип елемента Koha |
|---|---|---|---|---|---|---|---|---|---|---|---|---|---|---|---|---|---|
| Universal Decimal Classification | Колекція Томенка М.В. | ЧЗ - Читальна зала | ЧЗ - Читальна зала | 12/11/2009 | 129/2009 | 10.00 | 124615 | 94:82.09(477.82) О-53 | 124615 | 06/02/2022 | 12/11/2009 | Книги | |||||
| Universal Decimal Classification | Колекція Кралюка П.М. | ЧЗ - Читальна зала | ЧЗ - Читальна зала | 13/12/2011 | 146/2011 | 10.00 | 136174 | 94:82.09(477.82) О-53 | 136174 | 06/02/2022 | 12/11/2009 | Книги |